Fr. Conceicao Rodrigues College of Engineering

Modern Physics. (Record no. 24473)

MARC details
000 -LEADER
fixed length control field 00288nam a2200145Ia 4500
100 ## - MAIN ENTRY--PERSONAL NAME
Personal name Beiser/Arthur
250 ## - EDITION STATEMENT
Edition statement 5
245 ## - TITLE STATEMENT
Title Modern Physics.
260 ## - PUBLICATION, DISTRIBUTION, ETC.
Name of publisher, distributor, etc. Tata Mc Graw hill
Place of publication, distribution, etc. NONE
Date of publication, distribution, etc. 1995
300 ## - PHYSICAL DESCRIPTION
Extent 534
546 ## - LANGUAGE NOTE
Language note ENGLISH
654 ## - SUBJECT ADDED ENTRY--FACETED TOPICAL TERMS
Focus term Physics.
942 ## - ADDED ENTRY ELEMENTS (KOHA)
Koha item type BOOK
Holdings
Withdrawn status Lost status Damaged status Not for loan Collection Home library Current library Date acquired Total Checkouts Full call number Barcode Date last seen Price effective from Koha item type
        CRC Fr. Agnel's C.Rodrigues College of Engineering Fr. Agnel's C.Rodrigues College of Engineering 17/03/2023   10213 17/03/2023 17/03/2023 BOOK
        CRC Fr. Agnel's C.Rodrigues College of Engineering Fr. Agnel's C.Rodrigues College of Engineering 17/03/2023   10214 17/03/2023 17/03/2023 BOOK